| 000 | 00583nam a2200205Ia 4500 | ||
|---|---|---|---|
| 003 | IIN | ||
| 005 | 20250520112107.0 | ||
| 008 | 250520s2024 xx ad 001 0 eng d | ||
| 020 |
_cRs.675.00 _a9789393885623 |
||
| 040 |
_aIIN _bEnglish |
||
| 082 |
_a610.73 _bRAJ |
||
| 100 | 1 | _aRaj, D. Elakkuvana Bhaskara | |
| 245 |
_aTextbook of Nursing Foundation - I _bincluding First Aid Module/ _cD. Elakkuvana Bhaskara Raj |
||
| 250 | _a2nd ed | ||
| 260 |
_aBangalore _bEMMESS _c2024 |
||
| 300 |
_avi, 412 p. _bill. |
||
| 500 | _aIncludes Index | ||
| 650 | 1 | _aFoundation | |
| 942 | _cBOOK | ||
| 999 |
_c1826 _d1826 |
||